000 00617nam a22002057a 4500
003 OSt
005 20250630074535.0
008 250630b |||||||| |||| 00| 0 eng d
020 _a978-1-68095-603-0
040 _aDWCL - Main lib
_cOC
082 _aCirc. 658.15 B981 2017
100 _a3G E Learning
245 _aBusiness finance/
_c3G E Learning
260 _a[place of publication not identified]:
_b 3G ELearning,
_c c2017
300 _av, 148 pages:
_billustrations;
_c28 cm.
504 _aincludes index
650 _a1. Corporation finance
650 _a2. Finance
942 _2ddc
_cBK-CIRC
_kCirc.
_n0
999 _c3310
_d3310